| 000 | 01883nam0a2200385 4500 | ||
|---|---|---|---|
| 001 | RU\NLR\bibl\1455814 | ||
| 005 | 20260406132804.0 | ||
| 010 |
_a978-5-87822-378-2 _9100 |
||
| 021 |
_aRU _b2009-89899 _95666 |
||
| 035 | _a(nilc)RSL-KNO-004407957 | ||
| 035 | _a(NLR Aleph) 001447616 | ||
| 090 |
_a1502671 _c1502671 |
||
| 100 | _a20091105d2009 |||y0rusy50 ca | ||
| 101 | 0 |
_arus _aeng |
|
| 102 | _aRU | ||
| 105 | _ay zzzz||||| | ||
| 200 | 1 |
_aКомментарии к пьесам Уильяма Шекспира: когнитивный, социокультурный, лингвистический аспекты комментария как типа текста _eмонография _fЖ. И. Подоляк _gФедеральное агентство по образованию, ГОУ ВПО Вологодский гос. пед. ун-т |
|
| 210 |
_aВологда _cВГПУ _d2009 |
||
| 215 |
_a111, [1] с. _d21 |
||
| 300 | _aЧасть текста на англ. яз. | ||
| 320 | _aБиблиогр.: с. 94-107 (196 назв.) | ||
| 604 |
_1200#1$aШекспир$bУ.$gУильям$f1564 - 1616 _12351#$aДраматургия _aШекспир, Уильям (1564 - 1616) _tДраматургия _jКомментарии _3RU\NLR\AUTH\661393636 _92330460 |
||
| 606 | 1 |
_aАнглийский язык _xСтилистика _9977129 _3RU\NLR\auth\6648589 |
|
| 686 |
_aШ5(4Вл)43-4Шекспир У.536,0 _2rubbk |
||
| 686 | _aШ5(4Вл)43-4Шекспир536 | ||
| 686 | _aШ143.21-7 | ||
| 700 | 1 |
_aПодоляк _bЖ. И. _gЖанна Иосифовна _4070 |
|
| 702 | 1 |
_4570 _7ca _8rus _aШекспир _bУ. _f1564-1616 _gУильям _9112012 _3RU\NLR\auth\771995 |
|
| 801 | 0 |
_aRU _bРКП _c20091105 _grcr |
|
| 801 | 1 |
_aRU _bРГБ _c20091105 |
|
| 801 | 2 |
_aRU _bNLR _c20091222 _grcr |
|
| 830 | _aавт. по эк | ||
| 942 | _cBOOK | ||
| 980 | _aNB | ||